00645nam a2200217Ia 4500003000400000005001700004008004100021020001800062040001800080041000800098082001800106100002500124245007800149250001200227260004500239300002800284650003500312650003100347650003200378650001700410OSt20241105094120.0210716s2011 xx 000 0 und d a9780486485812 cAIMIT LIBRARY aeng a005.73 bSHAC aShaffer, Clifford A. aData structures and algorithm analysis in java /cBy Clifford A. Shaffer. a3rd ed. aNew Delhi :bDover publications ,c2011. axix,582 p.;bPBc26 cm. aData structures and algorithms aMathematical preliminaries aFundamental data structures aBinary trees